Logo BPK

Biblioteka

Politechniki Koszalińskiej

Handbook of Data Processing for Libraries / (Rekord nr 27371)

Szczegóły MARC
000 -ETYKIETA REKORDU
podpole kontrolne o stałej długości 00376nam a2200145 i 4500
001 - NUMER KONTROLNY REKORDU
pole kontrolne bg
040 ## - ŹRÓDŁO KATALOGOWANIA
Instytucja, która utworzyła rekord BPK
041 ## - KOD JĘZYKA
Kod języka tekstu pol
008 - POLE O STAŁEJ DŁUGOŚCI - DANE KONTROLNE
podpole kontrolne o stałej długości s pl f |000 0 pol
100 1# - NAZWA OSOBOWA
Nazwa osobowa HAYES, Robert. M.
245 #0 - TYTUŁ/ODPOWIEDZIALNOŚĆ
Tytuł Handbook of Data Processing for Libraries /
Pozostałe elementy strefy tytułu i oznaczenia odpowiedzialności Robert M. Hayes, Joseph Becker.
260 ## - STREFA ADRESU WYDAWNICZEGO
Miejsce wydania Los Angeles,
Data publikacji, dystrybucji/powstania dokumentu 1974.
700 1# - HASŁO DODATKOWE - NAZWA OSOBOWA
Nazwa osobowa BECKER, Joseph
856 ## - LOKALIZACJA I DOSTĘP DO ELEKTRONICZNYCH DOKUMENTÓW ZDALNYCH
Link (URL) http://koha.tu.koszalin.pl/cgi-bin/koha/opac-detail.pl?biblionumber=27371
Tekst linku Katalog online BPK
942 ## - DODATKOWE ELEMENTY (KOHA)
Typ dokumentu Książka
Egzemplarze
Wycofany Status egzemplarza Uszkodzony Dostępność Lokalizacja stała Lokalizacja bieżąca Miejsce przechowywania Sygnatura Kod kreskowy Typ dokumentu
      Dostępny Biblioteka Politechniki Koszalińskiej Biblioteka Politechniki Koszalińskiej Wypożyczalnia BG 21016 01694338 Książka
© 2023 Biblioteka Politechniki Koszalińskiej :: KOHA